Line routing algorithm

Návrh vedenia trasy liniek vo verejnej doprave. Použitie nového heuristického algoritmu pre vytvorenie siete regionálnych liniek. Testovanie algoritmu v Žilinskom a Nitrianskom kraji. Plánovanie dopravy.

Na minha lista:
Detalhes bibliográficos
Autor principal: Cenek, Juraj
Formato: Capítulo de Livro
Idioma:inglês
Assuntos:
Tags: Adicionar Tag
Sem tags, seja o primeiro a adicionar uma tag!

MARC

LEADER 00000naa a2200000 4500
001 0134501
005 20231018105628.5
041 0 |a eng 
044 |a SK 
245 1 0 |a Line routing algorithm  |c Juraj Cenek 
520 |a Návrh vedenia trasy liniek vo verejnej doprave. Použitie nového heuristického algoritmu pre vytvorenie siete regionálnych liniek. Testovanie algoritmu v Žilinskom a Nitrianskom kraji. Plánovanie dopravy. 
610 2 0 |a doprava verejná 
610 2 0 |a plánovanie 
610 2 0 |a algoritmy 
610 2 0 |a kraje 
610 2 0 |a Slovensko 
100 1 |a Cenek, Juraj